|
|
|
|
| LEADER |
00000nab a2200000 a 4500 |
| 001 |
vtls000674553 |
| 003 |
SK-MaSNL |
| 005 |
20260303101322.0 |
| 008 |
180206c1998 xo 0 slo |
| 015 |
|
|
|a SNBRB1998/11-23871
|
| 035 |
|
|
|a CLN000026729
|
| 040 |
|
|
|a SNKBUCL
|b slo
|c SNKBUCL
|e AACR2
|
| 041 |
0 |
|
|a slo
|
| 044 |
|
|
|a xo
|c SK
|
| 080 |
|
|
|a 282:262.12:061.25(437.6)
|2 UDC-MRF-SK2
|
| 080 |
|
|
|a 262.12:061.2
|2 UDC-MRF-SK2
|
| 100 |
1 |
|
|a Eliášová, Andrea,
|d 1973-
|4 aut
|9 13341
|
| 245 |
1 |
0 |
|a Zasadala komisia Iustitia et Pax
|c Andrea Eliášová
|
| 610 |
2 |
7 |
|a Katolícka cirkev.
|b Konferencia biskupov Slovenska.
|b Komisia Iustitia et Pax
|2 snkbucl
|9 1112887
|
| 655 |
|
7 |
|a články z novín a časopisov
|2 snkbucl
|9 267496
|
| 773 |
0 |
|
|x 0139-8512
|t Katolícke noviny
|g Roč. 113, č. 47 (1998), s. 3
|
| 850 |
|
|
|a Slovenská národná knižnica v Martine
|
| 852 |
|
|
|a SNK
|b KIS3GCP
|
| 958 |
|
|
|a RBX
|
| 999 |
|
|
|c 1838113
|d 1840043
|